000 00609nam a2200217Ia 4500
005 20240409092429.0
008 140110s9999 xx 000 0 und d
020 _a9788120341029
_cRs.395.00
040 _aLoreto College
041 _aEnglish
082 _a515.35
_bSHA
100 _aShah,Nita H.
245 _aOrdinary and partial differential equations
_bTheory and applications
_cNita H.Shah
260 _aNew Delhi
_bPHI Learning
_c2010
300 _axiv,413p
504 _aIncludes index
650 _aDifferential equations
651 _aDifferential calculus
850 _aLCLIB
942 _cBK
999 _c37851
_d88330